000 00604nam a22002297a 4500
003 UA-OsUOA
001 98293
007 ta
008 20130415b un ||||| |||| 00| 0 ukr d
100 _aРакеш М.
090 _a821.21
_bР19
942 _cBK
040 _aUA-OsUOA
_brus
_cUA-OsUOA
_dUA-OsUOA
245 _aТемные закрытые комнаты
_bроман
300 _a447 с.
955 _a3
041 _arus
080 _a821.21
260 _aМ.
_bХудож. лит.
_c1982
650 7 _a82 Література. Літературознавство
_2UDC
999 _c384740
_d384740